Médecine, santé et sciences humaines (notice n° 1552562)

détails MARC
000 -LEADER
fixed length control field 02137cam a2200277zu 4500
003 - CONTROL NUMBER IDENTIFIER
control field FRCYB88809082
005 - DATE AND TIME OF LATEST TRANSACTION
control field 20251020123003.0
008 - FIXED-LENGTH DATA ELEMENTS--GENERAL INFORMATION
fixed length control field 251020s2011 fr | o|||||0|0|||fre d
020 ## - INTERNATIONAL STANDARD BOOK NUMBER
International Standard Book Number 9782251430263
035 ## - SYSTEM CONTROL NUMBER
System control number FRCYB88809082
040 ## - CATALOGING SOURCE
Original cataloging agency FR-PaCSA
Language of cataloging fr
Transcribing agency
Description conventions rda
100 1# - MAIN ENTRY--PERSONAL NAME
Personal name Todorov, Tzvetan
245 01 - TITLE STATEMENT
Title Médecine, santé et sciences humaines
Remainder of title Manuel
Statement of responsibility, etc. ['Todorov, Tzvetan']
264 #1 - PRODUCTION, PUBLICATION, DISTRIBUTION, MANUFACTURE, AND COPYRIGHT NOTICE
Name of producer, publisher, distributor, manufacturer Les Belles Lettres
Date of production, publication, distribution, manufacture, or copyright notice 2011
300 ## - PHYSICAL DESCRIPTION
Extent p.
336 ## - CONTENT TYPE
Content type code txt
Source rdacontent
337 ## - MEDIA TYPE
Media type code c
Source rdamdedia
338 ## - CARRIER TYPE
Carrier type code c
Source rdacarrier
520 ## - SUMMARY, ETC.
Summary, etc. Cet ouvrage pluridisciplinaire est destiné à accompagner l'enseignement de sciences humaines et sociales au sein de la formation médicale et des formations en santé. Il s'adresse aux étudiants et à tous ceux qui s'engagent dans les métiers du soin ou qui s'intéressent aux questions épistémologiques, éthiques et sociales impliquées par la médecine contemporaine. Il est principalement l'émanation du Collège des enseignants de sciences humaines et sociales en faculté de médecine et en santé fondé en 2008, qui réunit les enseignants, médecins et non médecins en charge de cet enseignement en France, avec le concours de chercheurs étrangers spécialistes des thématiques abordées. Les auteurs, médecins et non médecins, sont des spécialistes des thèmes abordés travaillant aussi bien en sciences humaines (comme anthropologues, économistes de la santé, historiens, juristes, philosophes, psychanalystes, psychologues, sociologues) que dans le monde de la santé (en biologie, cancérologie, génétique, gériatrie, médecine générale, médecine interne, neurologie, neurochirurgie, psychiatrie, rééducation fonctionnelle, et dans les soins infirmiers). Le projet résulte notamment de la collaboration de responsables et enseignants en sciences humaines et sociales des facultés de médecine françaises.
650 #0 - SUBJECT ADDED ENTRY--TOPICAL TERM
Topical term or geographic name entry element
700 0# - ADDED ENTRY--PERSONAL NAME
Personal name Todorov, Tzvetan
856 40 - ELECTRONIC LOCATION AND ACCESS
Access method Cyberlibris
Uniform Resource Identifier <a href="https://international.scholarvox.com/netsen/book/88809082">https://international.scholarvox.com/netsen/book/88809082</a>
Electronic format type text/html
Host name

Pas d'exemplaire disponible.

PLUDOC

PLUDOC est la plateforme unique et centralisée de gestion des bibliothèques physiques et numériques de Guinée administré par le CEDUST. Elle est la plus grande base de données de ressources documentaires pour les Étudiants, Enseignants chercheurs et Chercheurs de Guinée.

Adresse

627 919 101/664 919 101

25 boulevard du commerce
Kaloum, Conakry, Guinée

Réseaux sociaux

Powered by Netsen Group @ 2025